000 00684cam a22002413a 4500
001 7068
003 PGUSA
005 20140828083140.0
008 041201s2004||||xxu|||||s|||||000 1 eng d
040 _aPGUSA
_beng
042 _adc
050 4 _aPT
100 1 _aStifter, Adalbert,
_d1805-1868
245 1 0 _aDas Haidedorf
_h[electronic resource] /
_cAdalbert Stifter
260 _bProject Gutenberg,
_c2004
506 _aPublic domain in the USA.
516 _aElectronic text
653 _aGerman language -- Readers -- English
653 _aGermany, Northern -- Fiction
830 0 _aProject Gutenberg
_v7068
856 4 0 _uhttp://www.gutenberg.org/ebooks/7068
942 _cEB
999 _c236388
_d236388